Movies Quiz

Random Movies or Vocabulary Quiz

Intertwined Movies Quiz Stats

 Plays Quiz Updated Mar 5, 2019

Score 0/15 Timer 05:00
4 Plays Today
% Correct
Argo
g A R G O y l e
81.8%
Babe
B A r B E c u e
80.6%
Juno
J U N c t i O N
69.6%
Hook
H O m e w O r K
63.7%
Cars
s C A n n e R S
61.2%
Jaws
J A c k d a W S
57.5%
Cube
C u c U m B E r
50.6%
Tron
e s T R O g e N
48.9%
% Correct
Troy
s T R O n g l Y
47.1%
Thor
T H r O w e R s
46.5%
Bolt
B o O k L e T s
44.5%
Bean
n o B l E m A N
43.4%
Heat
p H E a s A n T
41.2%
Hair
b e H A v I o R
33.3%
Fear
F E A t u R e d
31.9%

You're not logged in!

Compare scores with friends on all Sporcle quizzes.
OR
Log In

Sporcle TV

Today on Sporcle TV


Watch our educational content, quiz creation guides, and fun videos on Sporcle TV.

Show Comments

Extras

Top Quizzes Today


Score Distribution

Your Account Isn't Verified!

In order to create a playlist on Sporcle, you need to verify the email address you used during registration. Go to your Sporcle Settings to finish the process.

Report this User

Report this user for behavior that violates our Community Guidelines.

Details: